LEADER 01150nam0 22002893i 450 001 PUV0923083 005 20231121125620.0 010 $a2825203572 100 $a20160623d1986 ||||0itac50 ba 101 | $afre 102 $ach 181 1$6z01$ai $bxxxe 182 1$6z01$an 200 1 $aTable de concordances rythmique et syntaxique des Illuminations d'Arthur Rimbaud$felaboree par Frederic S. Eigeldinger.$cNeuchatel$eA la baconniere, (1986) 215 $a185 p.$d23 cm 225 | $aLangages 300 $aIn testa al front. : Centre d'Etudes Arthur Rimbaud, Universite de Neuchatel 410 0$1001SBL0220589$12001 $aLangages 700 1$aEigeldinger$b, Frederic S.$3UFIV113882$4070$0184053 801 3$aIT$bIT-01$c20160623 850 $aIT-FR0017 899 $aBiblioteca umanistica Giorgio Aprea$bFR0017 $eN 912 $aPUV0923083 950 0$aBiblioteca umanistica Giorgio Aprea$d 52MAG 6/156$e 52MAG0000152845 VMB RS $fA $h20211011$i20211011 977 $a 52 996 $aTable de concordances rythmique et syntaxique des Illuminations d'Arthur Rimbaud$93614583 997 $aUNICAS